[Event "Open"]
[Site "Bar MNE"]
[Date "2010.04.18"]
[Round "3"]
[White "Stamatovic,V"]
[Black "Veleski,R"]
[Result "0-1"]
[WhiteElo "1881"]
[BlackElo "2278"]

1.e4 c5 2.Nf3 Nc6 3.Nc3 g6 4.Bc4 Bg7 5.O-O d6 6.Ng5 e6 7.f4 Nge7 8.f5 Bd4+
9.Kh1 d5 10.Nxf7 Kxf7 11.fxe6+ Kg8 12.Nxd5 Ne5 13.Nf6+ Kg7 14.Ng4 Rf8 15.Nxe5 Bxe5
16.d4 cxd4 17.Bg5 h6 18.Bh4 g5 19.Qg4 Ng6 20.Rxf8 Qxf8 21.Rf1 Qe7 22.Be1 Nf4
23.g3 Nxe6 24.Bb4 Bd6 25.Bxd6 Qxd6 26.Qf5 Nd8 27.Qf3 Bh3 28.e5 Qe7 29.Re1 Be6
30.Bd3 Qf7  0-1

[Event "Open"]
[Site "Bar MNE"]
[Date "2010.04.21"]
[Round "6"]
[White "Stojanovic,Da"]
[Black "Nikac,P"]
[Result "1-0"]
[WhiteElo "2481"]
[BlackElo "2341"]

1.e4 c5 2.Nf3 Nc6 3.Nc3 d6 4.d4 cxd4 5.Nxd4 e5 6.Nf5 Bxf5 7.exf5 Qd7 8.g4 h5
9.Be3 hxg4 10.Qxg4 Nge7 11.O-O-O Nxf5 12.Bh3 Qe6 13.Nb5 Nxe3 14.fxe3 Kd7
15.Rhf1 Kd8 16.Qg5+ Be7 17.Bxe6 Bxg5 18.Rxf7 Bxe3+ 19.Kb1 Nd4 20.Rd7+ Ke8
21.Nc7+ Kf8 22.Rf7+ Kg8 23.Rxd4 exd4 24.Nxa8 Kh7 25.Nc7 Kg6 26.Nd5 Rxh2 27.a4 Rg2
28.Nf4+  1-0

[Event "9th Asian Continental"]
[Site "Olongapo City PHI"]
[Date "2010.04.22"]
[Round "2"]
[White "Mariano,N2"]
[Black "Bakre,T"]
[Result "0-1"]
[WhiteElo "2118"]
[BlackElo "2465"]

1.e4 c5 2.Ne2 Nc6 3.Nbc3 d6 4.d4 cxd4 5.Nxd4 Nf6 6.Bc4 e6 7.Bb3 a6 8.O-O Qc7
9.f4 d5 10.Nxc6 bxc6 11.exd5 cxd5 12.Ba4+ Bd7 13.Bxd7+ Qxd7 14.f5 Be7 15.Bg5 O-O
16.Kh1 Rab8 17.Rb1 Rfc8 18.Qd3 Qc6 19.Qg3 Kh8 20.fxe6 fxe6 21.Qe5 Nd7 22.Qg3 Bd6
23.Qg4 Be5 24.Bf4 Nf6 25.Qg3 Bxf4 26.Qxf4 Qc4 27.Qxc4 Rxc4 28.Rfe1 e5 29.h3 h6
30.Nd1 Rxc2 31.Rxe5 d4 32.Re6 Rd2 33.a4 Nd5 34.a5 Nf4 35.Re7 Nxg2 36.b4 Rf8  0-1

[Event "9th Asian Continental"]
[Site "Olongapo City PHI"]
[Date "2010.04.22"]
[Round "2"]
[White "Gomez,Joh"]
[Black "Li Hanbin"]
[Result "1-0"]
[WhiteElo "2507"]
[BlackElo "2330"]

1.e4 c5 2.Nc3 Nc6 3.Bb5 Nf6 4.Nf3 Qc7 5.O-O Nd4 6.d3 a6 7.Bc4 d6 8.Nxd4 cxd4
9.Nd5 Nxd5 10.Bxd5 e6 11.Bb3 g6 12.f4 Bg7 13.Bd2 Bd7 14.Rc1 O-O 15.h4 a5
16.a3 Qc5 17.h5 f5 18.Qe2 Rae8 19.hxg6 hxg6 20.g4 fxe4 21.Qxe4 Rf6 22.Qxb7 Bc8
23.Qa8 Ref8 24.Rce1 d5 25.g5 R6f7 26.Qxa5 Qxa5 27.Bxa5 Rxf4 28.Rxf4 Rxf4
29.Bd2 Rf5 30.Ba4 Bf8 31.b4 Rf7 32.Bb3 Rb7 33.Rf1 Be7 34.Kf2 Bd7 35.Ke2 Bc6
36.Rc1 Bd7 37.Rh1 Be8 38.Rh4 Ra7 39.Bc1 Bd8 40.Rxd4 Rh7 41.Rg4 Rh2+ 42.Kf3 Bc6
43.d4 Bb5 44.Rg2 Rh1 45.Bf4 Ra1 46.a4 Bxa4 47.Bxa4 Rxa4 48.c3 Ra3 49.Rc2 Rb3
50.Ke2 Kf7 51.Kd2 Rb1 52.Ra2 Ke8 53.Ra8 Kd7 54.Ra7+ Kc6 55.Rg7 Kb5 56.Rxg6 Kc4
57.Rg8  1-0

[Event "Open"]
[Site "Bar MNE"]
[Date "2010.04.23"]
[Round "8"]
[White "Dabetic,R"]
[Black "Ashiku,F"]
[Result "1/2-1/2"]
[WhiteElo "2305"]
[BlackElo "2064"]

1.e4 c5 2.Nf3 Nc6 3.Nc3 Nf6 4.Bb5 d6 5.O-O Bd7 6.Re1 e6 7.d3 Be7 8.a4 Ng4
9.Bf4 g5 10.Bc1 h5 11.a5 Nxa5 12.Bxd7+ Kxd7 13.d4 cxd4 14.Qxd4 Nc6 15.Qd1 f6
16.Be3 Nxe3 17.Rxe3 g4 18.Nd2 Ne5 19.Qe2 a6 20.Nc4 Nxc4 21.Qxc4 Qc8 22.Qb3 Qc6
23.Rd1 Rac8 24.e5 fxe5 25.Rxe5 d5 26.Rde1 Bf6 27.Rxe6 Rce8 28.Rxe8 Rxe8 29.Rxe8 Kxe8
30.Nxd5 Bxb2 31.Qe3+ Kd7 32.Qe7+ Kc8 33.Qf8+ Kd7 34.Qe7+ Kc8 35.c4 b5 36.Qf8+ Kb7
37.Qe7+ Kb8 38.Qd8+ Kb7 39.Qe7+ Kb8 40.Qd8+ Kb7  1/2-1/2

[Event "TCh-SUI 2010"]
[Site "Switzerland SUI"]
[Date "2010.04.25"]
[Round "3.8"]
[White "Gaehler,M"]
[Black "Domont,A"]
[Result "1-0"]
[WhiteElo "2257"]
[BlackElo "2347"]

1.e4 c5 2.Nc3 Nc6 3.Bb5 g6 4.Bxc6 dxc6 5.d3 e5 6.Nf3 Bd6 7.O-O Be6 8.Bg5 Qd7
9.a3 h6 10.Be3 Nf6 11.b4 c4 12.d4 Bg4 13.h3 Bxf3 14.Qxf3 Qe7 15.Rfd1 exd4
16.Rxd4 Be5 17.Rxc4 Qe6 18.Bd4 Nd7 19.Qe2 O-O 20.Bxe5 Nxe5 21.Rd4 b5 22.Rad1 Nc4
23.f4 a5 24.Qf2 axb4 25.axb4 Ra3 26.R1d3 Qe7 27.Kh2 Qxb4 28.Qg3 Qc5 29.Ne2 Rxd3
30.cxd3 Nb6 31.f5 g5 32.Rd6 f6 33.Nd4 Nc8 34.Rd7 Qb6 35.Ne6 Re8 36.Rg7+ Kh8
37.Rg6 Ne7 38.Rxh6+ Kg8 39.Rxf6  1-0

[Event "9th Asian Continental"]
[Site "Olongapo City PHI"]
[Date "2010.04.26"]
[Round "6"]
[White "Rahman,Zia"]
[Black "Bakre,T"]
[Result "0-1"]
[WhiteElo "2558"]
[BlackElo "2465"]

1.e4 c5 2.Nc3 Nc6 3.Bb5 Nd4 4.Bc4 e6 5.Nf3 Nf6 6.O-O a6 7.Re1 Qc7 8.e5 Ng4
9.Nxd4 Nxe5 10.Nf5 Nxc4 11.Qg4 g6 12.Nd5 Qc6 13.Qxc4 gxf5 14.Qc3 Qxd5 15.Qxh8 b5
16.Re5 Qd4 17.c3 Qg4 18.f3 Qg6 19.Rxc5 Bb7 20.Kf2 f6 21.Rc7 Bc6 22.d4 Kf7
23.a4 Re8 24.axb5 axb5 25.Rca7 Be7 26.Qxe8+ Kxe8 27.Ra8+ Kf7 28.Be3 f4 29.Bxf4 e5
30.Be3 Qc2+ 31.Kg3 exd4  0-1

[Event "9th Asian Continental"]
[Site "Olongapo City PHI"]
[Date "2010.04.26"]
[Round "6"]
[White "Mariano,N2"]
[Black "Li Hanbin"]
[Result "0-1"]
[WhiteElo "2118"]
[BlackElo "2330"]

1.e4 c5 2.Ne2 Nc6 3.Nbc3 Nf6 4.d4 cxd4 5.Nxd4 e5 6.Ndb5 d6 7.Bg5 a6 8.Bxf6 gxf6
9.Na3 b5 10.Nd5 Bg7 11.Bd3 Ne7 12.Qh5 Nxd5 13.exd5 e4 14.Qe2 Qe7 15.Nxb5 axb5
16.Bxb5+ Kf8 17.O-O f5 18.a4 Bxb2 19.Rab1 Qf6 20.c3 Bxc3 21.Bc6 Ba6 22.Qe3 Bd4
23.Qh3 Bxf1 24.Bxa8 Bd3 25.Rb8+ Kg7  0-1

[Event "ch-CAN Junior"]
[Site "Toronto CAN"]
[Date "2010.04.30"]
[Round "1"]
[White "Itkin,Da"]
[Black "Calugar,A"]
[Result "0-1"]
[WhiteElo "1768"]
[BlackElo "2147"]

1.e4 c5 2.Nc3 Nc6 3.Nf3 e5 4.Bc4 Be7 5.d3 Nf6 6.Ng5 O-O 7.f4 exf4 8.Bxf4 d5
9.Bb3 Bg4 10.Qd2 Nd4 11.O-O h6 12.Nh3 dxe4 13.dxe4 Nxb3 14.axb3 Qxd2 15.Bxd2 Rad8
16.Be3 a6 17.Nf4 Rfe8 18.h3 Bc8 19.e5 Nh7 20.Na4 b5 21.Nb6 Bb7 22.e6 Nf6
23.Rad1 Bf8 24.exf7+ Kxf7 25.Bc1 Rxd1 26.Rxd1 g5  0-1

[Event "42nd TCh-ITA Masters"]
[Site "Arvier ITA"]
[Date "2010.05.01"]
[Round "5"]
[White "Mogranzini,R"]
[Black "Forato,E"]
[Result "1/2-1/2"]
[WhiteElo "2415"]
[BlackElo "2103"]

1.e4 c5 2.Nc3 Nc6 3.Bb5 Nd4 4.Bc4 e6 5.Nge2 Nf6 6.O-O a6 7.a4 d5 8.exd5 exd5
9.Ba2 Bd6 10.Nxd4 cxd4 11.Re1+ Be6 12.Nxd5 Nxd5 13.Bxd5 Bxh2+ 14.Kxh2 Qxd5
15.d3 h5 16.Bf4 f6 17.Qe2 Kf7 18.Qe4 Rac8 19.Rac1 Qxe4 20.Rxe4 Rhd8 21.Bd2 Bf5
22.Ree1 Re8 23.Rxe8 Rxe8 24.Bb4 Rc8 25.Bd2 Re8 26.Kg1 g5 27.Kf1 Rc8 28.Ke2 Re8+
29.Kf1 Rc8 30.Ke2 Re8+ 31.Kf1  1/2-1/2

[Event "ch-CZE"]
[Site "Ostrava CZE"]
[Date "2010.05.01"]
[Round "1"]
[White "Biolek,R1"]
[Black "Zwardon,V"]
[Result "1/2-1/2"]
[WhiteElo "2405"]
[BlackElo "2205"]

1.e4 c5 2.Nf3 Nc6 3.Nc3 g6 4.Bb5 Bg7 5.O-O e5 6.d3 Nge7 7.Bc4 d6 8.Ng5 O-O
9.f4 Na5 10.f5 Nxc4 11.f6 Nb6 12.Qe1 h5 13.Qg3 Bh8 14.fxe7 Qxe7 15.Nf3 Bg4
16.a4 a5 17.Ra3 Be6 18.Nh4 Kh7 19.Bg5 Qe8 20.Nb5 Qd7 21.c4 Rg8 22.Qf3 f6
23.Bd2 Nc8 24.Qe3 g5 25.Nf5 Bxf5 26.exf5 Bg7 27.Nc3 Ne7 28.Qh3 Rh8 29.Qxh5+ Kg8
30.Qf3 Ra6 31.Rb3 Nc6 32.Qd5+ Kf8 33.Ne4 Ke7 34.Nxc5 dxc5 35.Qxd7+ Kxd7 36.Rxb7+ Ke8
37.Rxg7 Ne7 38.Bxg5 fxg5 39.f6 Nc6 40.Rxg5 Ra7 41.g4 Kf8 42.Kg2 Rd7 43.Rf3 Rd6
44.Kg3 Rh6 45.f7 Rhf6 46.Rxf6 Rxf6 47.h4 Kxf7 48.h5 Rh6 49.Kf3  1/2-1/2

[Event "ch-CAN Junior"]
[Site "Toronto CAN"]
[Date "2010.05.01"]
[Round "3"]
[White "Wang,Jesse"]
[Black "Calugar,A"]
[Result "0-1"]
[WhiteElo "1722"]
[BlackElo "2147"]

1.e4 c5 2.Nc3 Nc6 3.Bb5 Nd4 4.Bc4 Nf6 5.Nge2 e6 6.O-O a6 7.d3 b5 8.Bb3 Nxb3
9.axb3 Bb7 10.f4 d5 11.e5 d4 12.exf6 dxc3 13.fxg7 Bxg7 14.Nxc3 Bd4+ 15.Kh1 Bxc3
16.bxc3 Rg8 17.Rf2 Qh4 18.Kg1 O-O-O 19.Qe2 Rd5 20.Qe3 Rh5 21.g3 Rxg3+  0-1

[Event "TOP 16 GpA"]
[Site "France FRA"]
[Date "2010.05.02"]
[Round "7"]
[White "Vachier Lagrave,M"]
[Black "Tirard,H"]
[Result "1-0"]
[WhiteElo "2727"]
[BlackElo "2451"]

1.e4 c5 2.Nf3 Nc6 3.Nc3 Nf6 4.Bb5 Qc7 5.d3 Nd4 6.Ba4 e5 7.O-O Be7 8.Bg5 O-O
9.Bxf6 Bxf6 10.Nd5 Qd8 11.Nxd4 cxd4 12.Qd2 d6 13.f4 exf4 14.Nxf6+ Qxf6 15.Rxf4 Qe5
16.Raf1 Be6 17.Bb3 Rac8 18.Qf2 Rc7 19.Bd5 Bxd5 20.Rf5 Qe7 21.Rxd5 Rfc8 22.Rc1 h6
23.h4 Qe6 24.a3 Qg4 25.Rxd6 Rxc2 26.Rxc2 Qd1+ 27.Kh2  1-0

[Event "ch-CAN Junior"]
[Site "Toronto CAN"]
[Date "2010.05.02"]
[Round "4"]
[White "Kleinman, Michael"]
[Black "Sapozhnikov,R"]
[Result "1/2-1/2"]
[WhiteElo "2075"]
[BlackElo "2207"]

1.e4 c5 2.Nc3 Nc6 3.Bb5 Nd4 4.Bc4 e6 5.Nf3 Nf6 6.O-O a6 7.a4 d5 8.exd5 exd5
9.Ba2 Bg4 10.Qe1+ Be7 11.Nxd4 cxd4 12.Ne2 d3 13.cxd3 O-O 14.d4 Re8 15.f3 Bf5
16.Bb1 Bxb1 17.Rxb1 Qd7 18.Qd1 Qf5 19.d3 Bd6 20.Ng3 Qe6 21.Bd2 Bxg3 22.hxg3 Qb6
23.Rf2 Qxd4 24.Bc3 Qb6 25.a5 Qd6 26.Bxf6 Qxf6 27.d4 Re3 28.Rc2 Rae8 29.Rbc1 Qe6
30.Qd2 g6 31.Rc7 Re2 32.Qf4 Rxb2 33.Kh2 Qf5 34.Qxf5 gxf5 35.R1c2 Rb4 36.Rd7 Re6
37.Rc8+ Kg7 38.Rcc7 Rf6 39.Rxd5 Rb1 40.g4 fxg4 41.fxg4 b6 42.g5 Rf2 43.Kg3 Rbb2
44.axb6 Rxg2+ 45.Kf3 Rgf2+ 46.Kg3 Rg2+ 47.Kf3 Rgf2+ 48.Kg3 Rg2+  1/2-1/2

[Event "ch-UKR"]
[Site "Alushta UKR"]
[Date "2010.05.03"]
[Round "1"]
[White "Klementev,O"]
[Black "Iljin,T"]
[Result "0-1"]
[WhiteElo "2136"]
[BlackElo "2422"]

1.e4 c5 2.Nc3 Nc6 3.Nf3 e5 4.Bc4 Be7 5.d3 Nf6 6.Nd2 d6 7.Nf1 Bg4 8.f3 Be6
9.Ne3 O-O 10.O-O a6 11.a4 Nb4 12.Ncd5 Nbxd5 13.Bxd5 Nxd5 14.exd5 Bd7 15.f4 exf4
16.Rxf4 Bg5 17.Rf1 b5 18.axb5 axb5 19.Rxa8 Qxa8 20.Qh5 Qd8 21.c4 g6 22.Qf3 f5
23.g3 Bf6 24.b3 Qa5 25.cxb5 Qc3 26.Nc4 Bxb5 27.Bb2 Qxb3 28.Bxf6 Rxf6 29.Qe2 Qc3
30.Rb1 Qd4+ 31.Kf1 f4 32.g4 f3 33.Qb2 Qxd3+  0-1

[Event "ch-UKR"]
[Site "Alushta UKR"]
[Date "2010.05.04"]
[Round "2"]
[White "Gavrish,L"]
[Black "Zaichuk,V"]
[Result "0-1"]
[WhiteElo "2205"]
[BlackElo "2007"]

1.e4 c5 2.Nc3 Nc6 3.Bb5 Nd4 4.Bc4 a6 5.a4 e6 6.Nf3 Ne7 7.O-O Nec6 8.d3 g6
9.Nxd4 Nxd4 10.Bf4 Bg7 11.Qd2 O-O 12.Bd6 Re8 13.Bxc5 d6 14.Ba3 Be5 15.f4 Bg7
16.Rae1 b5 17.axb5 axb5 18.Nxb5 Nxb5 19.Bxb5 Qb6+ 20.d4 Qxb5 21.Bxd6 Qxb2
22.e5 Qb5 23.Rb1 Qd5 24.Rb4 Ba6 25.Rfb1 Rec8 26.Kf2 Bf8 27.Bxf8 Kxf8 28.g4 Qe4
29.R1b2 Bc4 30.Qe3 Qh1 31.Kg3 Bd5 32.c3 Ra3 33.Rb8 Rxb8 34.Rxb8+ Kg7 35.Rb2 Qe4
36.Qxe4 Rxc3+ 37.Kh4 Bxe4 38.Re2 Bd5 39.f5 gxf5 40.gxf5 Rd3 41.fxe6 Rxd4+
42.Kg3 fxe6  0-1

[Event "ch-CZE"]
[Site "Ostrava CZE"]
[Date "2010.05.04"]
[Round "4"]
[White "Firt,S"]
[Black "Splichal,S"]
[Result "1-0"]
[WhiteElo "2331"]
[BlackElo "2219"]

1.e4 c5 2.Nc3 Nc6 3.Bb5 g6 4.Nf3 Bg7 5.Bxc6 dxc6 6.h3 Nf6 7.d3 O-O 8.Be3 b6
9.Qd2 a5 10.a4 Ne8 11.Bh6 Nc7 12.h4 Bg4 13.Bxg7 Kxg7 14.Ne5 h5 15.Nxg4 hxg4
16.h5 Rh8 17.O-O-O Qd6 18.Qg5 Ne6 19.Qxg4 Qf4+ 20.Qxf4 Nxf4 21.hxg6 Nxg2
22.gxf7 Kxf7 23.Ne2 e5 24.Rdg1 Rxh1 25.Rxh1 Rg8 26.Kd2 Rg6 27.Rh7+ Rg7 28.Rh5 Kf6
29.Ng3 Nf4 30.Rh6+ Rg6 31.Rxg6+ Nxg6 32.Ke3 Nh4 33.f3 Kg6 34.Nf1 b5 35.Nd2 Ng2+
36.Kf2 Nf4 37.Nb3 c4 38.dxc4 bxa4 39.Nc5 Kf6 40.Nxa4 Ne6 41.c3 Ke7 42.Kg3 Kd6
43.Kg4 Nf4 44.Kf5 Nd3 45.b4 axb4 46.cxb4 Nxb4 47.c5+ Ke7 48.Kxe5 Nd3+ 49.Kf5 Kf7
50.f4 Ke7 51.e5 Kf7 52.Ke4 Nf2+ 53.Kf3 Nd3 54.Ke3 Nb4 55.f5 Ke7 56.Nc3 Nc2+
57.Kf4 Nd4 58.Ne4 Kf7 59.Ng5+  1-0

[Event "ch-UKR"]
[Site "Alushta UKR"]
[Date "2010.05.05"]
[Round "3"]
[White "Klementev,O"]
[Black "Avetisian,T"]
[Result "0-1"]
[WhiteElo "2136"]
[BlackElo "1959"]

1.e4 c5 2.Nf3 Nc6 3.Nc3 e5 4.Bc4 Be7 5.d3 d6 6.O-O Nf6 7.Ng5 O-O 8.f4 Bg4
9.Qe1 Nd4 10.fxe5 dxe5 11.Qh4 h5 12.Qf2 Be6 13.h3 Bxc4 14.dxc4 Ng4 15.hxg4 Bxg5
16.gxh5 f5 17.Nd5 Bxc1 18.Raxc1 Qg5 19.exf5 Rxf5 20.Qe3 Qxe3+ 21.Nxe3 Ne2+
22.Kh2 Rxh5+  0-1

[Event "FSIMA May"]
[Site "Budapest HUN"]
[Date "2010.05.05"]
[Round "5"]
[White "Parkanyi,A"]
[Black "Izso,D"]
[Result "1/2-1/2"]
[WhiteElo "2321"]
[BlackElo "2262"]

1.e4 c5 2.Nc3 Nc6 3.Nf3 e5 4.Bb5 d6 5.a4 Be7 6.h3 Nf6 7.O-O O-O 8.d3 Ne8
9.Nd5 Nc7 10.Bc4 Nxd5 11.Bxd5 Kh8 12.Nh2 Bg5 13.Bxc6 bxc6 14.f4 exf4 15.Bxf4 Be6
16.Bxg5 Qxg5 17.Nf3 Qe3+ 18.Kh1 c4 19.Re1 Qb6 20.dxc4 Qxb2 21.Qxd6 Qxc2 22.Qxc6 Qxc4
23.Qxc4 Bxc4 24.Rec1 Bd3 25.e5 Rac8 26.a5 h6 27.Kh2 Be4 28.Kg3 Rfe8 29.Kf4 Bd5
30.h4 Rb8 31.Rc7 a6 32.Rc5 Rb4+ 33.Kg3 Bb7 34.Rd1 Re7 35.Re1 Kg8 36.Rd1 Rb3
37.Kf4 Rb2 38.Kg3 Re2 39.Rd6 Kh7 40.Rb6 g6 41.Rc3 Ra2 42.Rc5 Kg7 43.Rb3 Re2
44.Rb6 h5 45.Rc3 Ra2 46.Rc5 Kf8 47.Rb4 Re2 48.Rb6 Rd7 49.Rc3 Re7 50.Rcb3 Bd5
51.Rc3 Bb7  1/2-1/2

[Event "ch-CZE"]
[Site "Ostrava CZE"]
[Date "2010.05.05"]
[Round "5"]
[White "Valickova,M"]
[Black "Folk,P"]
[Result "1/2-1/2"]
[WhiteElo "2072"]
[BlackElo "2244"]

1.e4 c5 2.Nf3 Nc6 3.Nc3 g6 4.d4 cxd4 5.Nxd4 Bg7 6.Be3 Nf6 7.Be2 O-O 8.O-O d5
9.exd5 Nb4 10.d6 Qxd6 11.Ncb5 Qb8 12.c4 a6 13.Qd2 Nc6 14.Nxc6 bxc6 15.Nd4 Ng4
16.Bxg4 Bxg4 17.Nxc6 Qc7 18.Nb4 Rfd8 19.Qc2 a5 20.Nd5 Rxd5 21.Qe4 Rdd8 22.Qxg4 Rab8
23.Rab1 Bxb2 24.c5 Be5 25.g3 Qc6 26.Rb6 Qd5 27.Qa4 Bc7 28.Rxb8 Rxb8 29.Rd1  1/2-1/2

[Event "ch-CZE"]
[Site "Ostrava CZE"]
[Date "2010.05.05"]
[Round "5"]
[White "Rasik,V"]
[Black "Studnicka,Toma"]
[Result "1-0"]
[WhiteElo "2480"]
[BlackElo "2332"]

1.e4 c5 2.Nf3 Nc6 3.Nc3 g6 4.d4 cxd4 5.Nxd4 Bg7 6.Be3 Nf6 7.Nxc6 bxc6 8.e5 Ng8
9.Bd4 f6 10.f4 Qa5 11.Qd2 fxe5 12.fxe5 c5 13.Be3 Bxe5 14.Bc4 Nf6 15.O-O Rb8
16.Qe2 Rxb2 17.Nb5 a6 18.Bg5 Ng4 19.Rf7 h6 20.Rxe7+ Kd8 21.Rxd7+ Kxd7 22.Qxg4+ Kc6
23.Qe4+ Kb6 24.Qxe5 Qb4 25.Qc7+  1-0

[Event "ch-UKR"]
[Site "Alushta UKR"]
[Date "2010.05.08"]
[Round "6"]
[White "Volovikov,An"]
[Black "Truskavetsky,A"]
[Result "0-1"]
[WhiteElo "2314"]
[BlackElo "2386"]

1.e4 c5 2.Nc3 Nc6 3.Bb5 Nd4 4.a4 g6 5.Nge2 Bg7 6.Nxd4 cxd4 7.Ne2 Nf6 8.e5 Nd5
9.Bc4 Nb6 10.Bb3 a5 11.Nxd4 Bxe5 12.Nb5 O-O 13.O-O d5 14.d4 Bb8 15.Bg5 Bd7
16.Qe2 Bxb5 17.Qxb5 Qc7 18.f4 e6 19.Qd3 Nc8 20.Bf6 Nd6 21.Rae1 Rc8 22.Qh3 Ne8
23.Rxe6 Nxf6 24.Rxf6 Ba7 25.c3 Qe7 26.Qh4 Bxd4+ 27.cxd4 Qe3+ 28.Kh1 Rc1 29.Bd1 Qxd4
30.Be2 Rxf1+ 31.Bxf1 Rc8 32.f5 Qxh4  0-1

[Event "ch-UKR"]
[Site "Alushta UKR"]
[Date "2010.05.09"]
[Round "7"]
[White "Sivuk,V"]
[Black "Iljin,T"]
[Result "1-0"]
[WhiteElo "2436"]
[BlackElo "2422"]

1.e4 c5 2.Nc3 Nc6 3.Bb5 Nd4 4.Bc4 Nf6 5.Nge2 e6 6.O-O b5 7.Nxd4 bxc4 8.Nf3 Be7
9.Qe2 Qb6 10.Re1 Ba6 11.Ne5 Qc7 12.Nxc4 O-O 13.d3 d5 14.exd5 exd5 15.Ne3 Bb7
16.Nf5 Bd8 17.Nb5 Qd7 18.Nbd6 Bc6 19.Bg5 d4 20.Qe5 Qc7 21.Nxg7 Ng4 22.Qf4 Kxg7
23.Bxd8 Qxd8 24.Qxg4+ Kh8 25.Qf4 f6 26.Nf5 Rg8 27.f3 Bd7 28.Nd6 Rf8 29.Re2 Bc6
30.Rae1 Bd5 31.Re7 Bg8  1-0

[Event "ch-UKR"]
[Site "Alushta UKR"]
[Date "2010.05.10"]
[Round "8"]
[White "Kalinina,O"]
[Black "Avetisian,T"]
[Result "1/2-1/2"]
[WhiteElo "2254"]
[BlackElo "1959"]

1.e4 c5 2.Nf3 Nc6 3.Nc3 e5 4.Bc4 Be7 5.d3 Nf6 6.a3 d6 7.h3 O-O 8.Bg5 Nd4
9.O-O Be6 10.Nd2 h6 11.Bxf6 Bxf6 12.Bd5 Bg5 13.Nc4 Bf4 14.Ne2 Nxe2+ 15.Qxe2 Bxd5
16.exd5 b5 17.Ne3 f5 18.Qh5 Qf6 19.Nd1 g6 20.Qe2 h5 21.a4 b4 22.a5 Rfe8 23.Qf3 Bd2
24.Qe2 Bh6 25.c3 e4 26.Ra4 Rab8 27.cxb4 cxb4 28.dxe4 Rxe4 29.Qa6 Qe7 30.b3 Re1
31.Ne3 Rxe3 32.fxe3 Bxe3+ 33.Kh1 Bc5 34.Raa1 Re8 35.Qb5 Qe2 36.Qxe2 Rxe2
37.Rae1 Rb2 38.Re6 Kg7 39.g4 hxg4 40.hxg4 fxg4 41.Rff6 Rxb3 42.Rxg6+ Kf7
43.Rxg4 Rf3 44.Rh4 Kg7 45.Kg2 Rf5 46.Re7+ Kf6 47.Re6+ Kg5 48.Reh6 Rf8 49.Rh8 Rxh8
50.Rxh8 Kf4 51.Re8 Bd4 52.Rb8 Bc5 53.Re8 Bd4 54.Rb8 Bc5 55.Re8 Bd4  1/2-1/2

[Event "ch-UKR"]
[Site "Alushta UKR"]
[Date "2010.05.10"]
[Round "8"]
[White "Volovikov,An"]
[Black "Izhnin,A"]
[Result "1-0"]
[WhiteElo "2314"]
[BlackElo "2360"]

1.e4 c5 2.Nc3 Nc6 3.Bb5 Nd4 4.a4 a6 5.Bc4 e6 6.Nge2 b6 7.O-O Bb7 8.d3 Qc7
9.Nxd4 cxd4 10.Ne2 Bd6 11.f4 Bxe4 12.Bxe6 Bxg2 13.Bxf7+ Kxf7 14.Kxg2 Qc6+
15.Rf3 Bc5 16.b4 Bxb4 17.Nxd4 Qc3 18.Be3 Nf6 19.Rb1 Nd5 20.Bf2 Rhe8 21.Ne2 Qd2
22.Qxd2 Bxd2 23.Ng3 Ne3+ 24.Bxe3 Bxe3 25.a5 Bc5 26.axb6 Reb8 27.b7 Ra7 28.d4 Bxd4
29.Rd3 Bf6 30.Ne4 Be7 31.Rxd7 Ke8 32.Rc7 Kd8 33.Rc6 Kd7 34.Rcb6 Kc7 35.Re6 Kd7
36.f5 Rbxb7 37.Rxa6  1-0

[Event "ch-Commonwealth"]
[Site "Delhi IND"]
[Date "2010.05.10"]
[Round "2"]
[White "Satyapragyan,S"]
[Black "Navalgund,N"]
[Result "1/2-1/2"]
[WhiteElo "2463"]
[BlackElo "2158"]

1.e4 c5 2.Nc3 Nc6 3.Bb5 Nd4 4.Ba4 a6 5.d3 e6 6.Nge2 b5 7.Bb3 Nxb3 8.axb3 Bb7
9.O-O Nf6 10.Bg5 Be7 11.f4 d6 12.Qd2 O-O 13.Kh1 Nd7 14.Bxe7 Qxe7 15.f5 d5
16.exd5 exd5 17.d4 c4 18.Ng3 Nf6 19.Nce2 Rfe8 20.Rf3 Qd6 21.Qg5 Re7 22.Nf4 Ne4
23.Nxe4 dxe4 24.Nh5 f6 25.Qf4 Rd8 26.Rg3 Qxf4 27.Nxf4 Rxd4 28.Ne6 Rd5 29.bxc4 Rxf5
30.Nd4 Rc5 31.cxb5 axb5 32.Rb3 Ree5 33.Kg1  1/2-1/2

[Event "VIII World's Youth Stars"]
[Site "Kirishi RUS"]
[Date "2010.05.10"]
[Round "2"]
[White "Ganichev,Alex"]
[Black "Lintchevski,D"]
[Result "1/2-1/2"]
[WhiteElo "2126"]
[BlackElo "2503"]

1.e4 c5 2.Nf3 Nc6 3.Nc3 g6 4.Bb5 Bg7 5.Bxc6 bxc6 6.e5 f6 7.exf6 Nxf6 8.O-O O-O
9.Qe2 d6 10.Qc4+ Kh8 11.Ng5 Qe8 12.d3 Rb8 13.a3 h6 14.Ne6 Bxe6 15.Qxe6 Qf7
16.Qh3 Nh5 17.Qd7 Rbc8 18.Qxa7 Bd4 19.Nd1 g5 20.Bd2 Nf4 21.Bxf4 gxf4 22.c3 Be5
23.f3 Rg8 24.Kh1 Qg6 25.Rg1 Qxd3 26.Qxe7 Rxg2 27.Kxg2 Rg8+ 28.Kf2 Qd2+ 29.Kf1 Qd3+
30.Kf2 Qc2+ 31.Kf1 Qd3+ 32.Kf2  1/2-1/2

[Event "ch-Commonwealth"]
[Site "Delhi IND"]
[Date "2010.05.11"]
[Round "3"]
[White "Grover,S"]
[Black "G.,A"]
[Result "1-0"]
[WhiteElo "2416"]
[BlackElo "2137"]

1.e4 c5 2.Nf3 Nc6 3.Nc3 Nf6 4.Bb5 Qc7 5.Qe2 Nd4 6.Nxd4 cxd4 7.e5 dxc3 8.exf6 gxf6
9.dxc3 a6 10.Bd3 e6 11.Be3 d6 12.O-O-O Bd7 13.Bd4 Be7 14.Qe3 b5 15.Kb1 Bc6
16.Qh6 e5 17.Be3 O-O-O 18.Qh5 Kb7 19.Rhg1 d5 20.Qxf7 b4 21.Bd2 bxc3 22.Bxc3 d4
23.Ba5 Qxa5 24.Qxe7+ Rd7 25.Qxf6 Re8 26.f3 Bd5 27.a3 Re6 28.Qf5 Ka7 29.Be4 Rb7
30.Bxd5 Qxd5 31.Qe4 Qc5 32.Rd3 Reb6 33.Rb3 d3 34.Rc1 d2 35.Rd1 Rxb3 36.cxb3 Rc7
37.Qc4 Qb6 38.Qd3 Rc1+ 39.Rxc1 dxc1=Q+ 40.Kxc1 Qg1+ 41.Qd1 Qxg2 42.Qd7+ Ka8
43.Qe8+ Ka7 44.Qxe5 Qxf3 45.Kc2 Qg2+ 46.Kc3 Qg6 47.b4 Kb7 48.b5 axb5 49.Qxb5+ Ka7
50.Qe5 h5 51.Qd4+ Kb8 52.h4 Qc6+ 53.Kb4 Qg6 54.a4 Ka8 55.a5 Qg4 56.Qxg4 hxg4
57.h5 g3 58.h6 g2 59.h7 g1=Q 60.h8=Q+ Ka7 61.Qe5 Qh1 62.b3 Qb7+ 63.Kc4 Qf7+
64.Qd5 Qh7 65.Kb5 Qh2 66.Qd7+ Ka8 67.Qe8+ Ka7 68.a6 Qc7 69.Qe3+ Ka8 70.Qe4+ Kb8
71.Qb7+ Qxb7+ 72.axb7 Kxb7 73.b4 Kc7 74.Ka6 Kb8 75.Kb6 Ka8 76.b5 Kb8 77.Ka6 Ka8
78.b6  1-0

[Event "ch-Commonwealth"]
[Site "Delhi IND"]
[Date "2010.05.12"]
[Round "4"]
[White "Hasan,Me"]
[Black "Van Rensburg,R"]
[Result "0-1"]
[WhiteElo "2287"]
[BlackElo "2064"]

1.e4 c5 2.Nf3 Nc6 3.Nc3 e5 4.Bc4 Be7 5.d3 d6 6.O-O Nf6 7.Ng5 O-O 8.f4 Bg4
9.Nf3 Nd4 10.Kh1 Nh5 11.Nd5 b5 12.Bb3 exf4 13.Nxf4 Nxf4 14.Bxf4 Ne6 15.Be3 Rc8
16.c3 Bg5 17.Qd2 Bxe3 18.Qxe3 c4 19.Bc2 cxd3 20.Qxd3 Nc5 21.Qd4 Qe7 22.e5 Bxf3
23.exd6 Bxg2+ 24.Kxg2 Qg5+ 25.Kh1 Ne6 26.Qe4 g6 27.Rad1 Rc4 28.Qd5 Qxd5+
29.Rxd5 Rd8 30.Bb3 Rc6 31.Rfd1 Nc5 32.Kg2 a6 33.R5d4 Nxb3 34.axb3 Rd7 35.Kf3 f6
36.c4 Kf7 37.Ke3 Ke6 38.Re4+ Kf7 39.Red4 Ke6 40.Re4+ Kf7 41.Rh4 Ke6 42.Re4+ Kf7
43.Rd5 Rdxd6 44.Kd4 f5 45.Re2 Re6 46.Rd7+ Ke8 47.Rxe6+ Kxd7 48.Re2 Re6 49.Rc2 Kc6
50.cxb5+ Kxb5 51.Kd5 Re3 52.Rc3 Re2 53.Rh3 Re7 54.Kd6 Rb7 55.Rh4 g5 56.Rd4 Rb6+
57.Ke5 f4 58.Ke4 Rf6 59.Kf3 g4+ 60.Kf2 Rf5 61.Rd8 h5 62.Rb8+ Kc5 63.Ra8 Kb6
64.Rb8+ Kc7 65.Rh8 Rb5 66.Rh7+ Kb6 67.Rh6+ Ka5 68.Rf6 Rxb3 69.Rxf4 Rxb2+
70.Kg3 Rb3+ 71.Kg2 Rf3 72.Re4 Rf5 73.Re1 Kb6 74.Rb1+ Rb5 75.Re1 Rb2+ 76.Kg1 Kc6
77.Re7  0-1

[Event "ch-Commonwealth"]
[Site "Delhi IND"]
[Date "2010.05.12"]
[Round "4"]
[White "Satyapragyan,S"]
[Black "Joshi,GB"]
[Result "1/2-1/2"]
[WhiteElo "2463"]
[BlackElo "2293"]

1.e4 c5 2.Nf3 Nc6 3.Nc3 g6 4.d4 cxd4 5.Nxd4 Bg7 6.Nb3 Nf6 7.Be2 O-O 8.O-O d6
9.Re1 Be6 10.Bg5 Rc8 11.Bf1 Re8 12.Nd5 Ne5 13.Nxf6+ exf6 14.Be3 f5 15.exf5 Bxf5
16.c3 a6 17.Qd2 Qc7 18.f3 Be6 19.h3 b5 20.Rad1 Bf8 21.Qf2 Bc4 22.Bxc4 bxc4
23.Nc1 Rb8 24.Re2 Rb5 25.Bd4 Reb8 26.b4 cxb3 27.axb3 Nc6 28.Bf6 Rf5 29.Qh4 h6
30.Bd4 Nxd4 31.Qxd4  1/2-1/2

[Event "ch-Commonwealth"]
[Site "Delhi IND"]
[Date "2010.05.13"]
[Round "6"]
[White "Singh,Gurp"]
[Black "Ashwin,J"]
[Result "1/2-1/2"]
[WhiteElo "2287"]
[BlackElo "2457"]

1.e4 c5 2.Nc3 Nc6 3.Nf3 d6 4.d4 cxd4 5.Nxd4 Nf6 6.Bg5 e6 7.Qd2 a6 8.O-O-O Bd7
9.Be2 b5 10.Nxc6 Bxc6 11.Qe3 Be7 12.e5 Nd5 13.Nxd5 Bxg5 14.f4 Bxd5 15.fxg5 O-O
16.Bf3 Bxf3 17.gxf3 d5 18.h4 Rc8 19.h5 Rc4 20.b3 Rc6 21.h6 g6 22.Rd3 Qc7
23.Rd2 Rc8 24.Rhh2 a5 25.Qf4 Qe7 26.Kb2 a4 27.Qf6 a3+ 28.Kb1 Qxf6 29.gxf6 Kf8
30.Rd3  1/2-1/2

[Event "ch-Commonwealth"]
[Site "Delhi IND"]
[Date "2010.05.13"]
[Round "6"]
[White "Antonio,V"]
[Black "Abhishek,D"]
[Result "0-1"]
[WhiteElo "2201"]
[BlackElo "2331"]

1.e4 c5 2.Nf3 Nc6 3.Nc3 Nf6 4.Bb5 Qc7 5.Nd5 Nxd5 6.exd5 Nd4 7.Nxd4 cxd4 8.O-O Qc5
9.c4 a6 10.b4 Qxb4 11.Ba4 g6 12.Bb3 Bg7 13.a4 d6 14.Ba3 Qa5 15.Re1 Qd8 16.c5 O-O
17.Rc1 Bf6 18.Qf3 dxc5 19.Bxc5 b6 20.d6 Ra7 21.dxe7 Bxe7 22.Bxd4 Qxd4 23.Rxc8 Rxc8
24.Qxf7+ Kh8 25.Qe6 Rf8  0-1